Finance India (Record no. 8286)

MARC details
000 -LEADER
fixed length control field 00376nam a2200157Ia 4500
008 - FIXED-LENGTH DATA ELEMENTS--GENERAL INFORMATION
fixed length control field 221030s9999 xx 000 0 und d
020 ## - INTERNATIONAL STANDARD BOOK NUMBER
ISBN 09073772
041 ## - LANGUAGE CODE
Language code of text/sound track or separate title
082 ## - DEWEY DECIMAL CLASSIFICATION NUMBER
Classification number 105.23
Item number aga
100 ## - MAIN ENTRY--AUTHOR NAME
Personal name M. Agarwal
245 #0 - TITLE STATEMENT
Title Finance India
Statement of responsibility, etc by M. Agarwal
260 ## - PUBLICATION, DISTRIBUTION, ETC. (IMPRINT)
Name of publisher Indian Inst. of Finace
Place of publication India
Year of publication 1999
300 ## - PHYSICAL DESCRIPTION
Number of Pages 763
650 ## - SUBJECT ADDED ENTRY--TOPICAL TERM
Topical Term BE Management
942 ## - ADDED ENTRY ELEMENTS (KOHA)
Koha item type Books
Holdings
Accession Number Cost, normal purchase price Full call number Price effective from Koha item type Withdrawn / writtenoff status Materials specified (bound volume or other part) Damaged status Not for loan Permanent Location Current Location Shelving location Date acquired Lost/ Missing status department
BE 6570 275.00 105.23 aga 10/30/2022 Books   Print     MIET Library, Jammu MIET Library, Jammu BL-Academic Block, FL-, CUP-39, SH-3, R-3 04/01/2003   BE